Peňažné toky v životnom poistení diplomová práca

Enregistré dans:
Détails bibliographiques
Auteur principal: Rerichová, Radka
Collectivité auteur: Fakulta hospodárskej informatiky EU. Katedra matematiky a aktuárstva
Autres auteurs: Ondrejková Krčová, Ingrid, 1969-
Format: Livre
Langue:slovaque
Publié: Bratislava 2018
Tags: Ajouter un tag
Pas de tags, Soyez le premier à ajouter un tag!

MARC

LEADER 00000nbm a2200000 4500
001 0243503
005 20180925081142.2
041 0 |a slo 
044 |a SK 
245 1 0 |a Peňažné toky v životnom poistení  |b diplomová práca  |c Radka Rerichová ; školiteľ: Ingrid Ondrejková Krčová 
264 1 |a Bratislava  |c 2018 
300 |a 76 s. 
100 1 |a Rerichová, Radka 
700 1 |a Ondrejková Krčová, Ingrid, 1969- 
710 2 |a Fakulta hospodárskej informatiky EU. Katedra matematiky a aktuárstva